000 00393nam a2200133Ia 4500
005 20260328101452.0
008 260328s9999||||xx |||||||||||||| ||und||
100 _aDomínguez Torres, Mario Alberto
245 0 _aRecordar la Fundación, Celebrar el Futuro /
_cMario Alberto Domínguez Torres
260 _bUniversidad Nacional de Colombia
300 _a191 p.
650 _aCIUDAD
942 _cBK
999 _c8687
_d8687